000 00720nam a2200265Ia 4500
005 20260121170938.0
008 008 260114s9999 xx 000 0 eng d
020 _a9783319951010
037 _aEBOOK
040 _aCRL
040 _beng
040 _cCRL
041 _2eng
041 _aeng
084 _qCRL
100 _aStephanie L. Greene, Karen A. Williams, Colin K. Khoury, Michael B. Kantar, Laura F. Marek
_91070130
245 0 _aNorth American Crop Wild Relatives, Volume 1
260 _bSpringer
260 _bSpringer
260 _c2018
856 _uhttps://link.springer.com/openurl?genre=book&isbn=978-3-319-95101-0
942 _cEBOOK
999 _c1635860
_d1635860